000 00354nam a2200145 a 4500
008 010718s1967||||xx 0 und c
040 _aSNK
_bslo
_cSNK
_eAACR2
100 1 _aDickens, Cherles
245 1 0 _aDavid Copperfield. Druhý zväzok
260 _aBratislava
_bTatran
_c1967
300 _a475 s.
044 _axo
_cSK
020 _c55
041 _aslo
999 _c10430
_d10430